| 000 | 00497nam a22001811a 4500 | ||
|---|---|---|---|
| 001 | 1905 | ||
| 003 | OSt | ||
| 005 | 20260204211751.0 | ||
| 008 | 040122s2000||||ck ||||||b||||||||||spa|| | ||
| 020 | _a958922133x | ||
| 050 | _aR 630 M317a | ||
| 082 | _aR 630 M317a | ||
| 245 | _aManual agropecuario: Tecnología orgánica de la granja integral autosuficiente / Fundación Hogares Juveniles | ||
| 264 | _aColombia | ||
| 300 | _a2. tomo | ||
| 650 | _a1.Agronomía 2.AgropecuariaÌ | ||
| 942 |
_2ddc _cBK |
||
| 999 |
_c1905 _d1905 |
||